00415 2200157 4500001002100000005001500021008004100036020002200077035001900099082001200118090001800130100001600148245003000164260003600194300002700230INLIS00000000000695220241224113400241224||||||||| | ||| |||| ||  a978-979-098-050-1 0010-12240069520 a297.112 a297.112 ABD a0 aAbdul Chaer00aal qur'an dan ilmu tajwid aJakartabPt. Rineka ciptac2012 axii, 149 hlm.; 23,5 cm